guess the random adele song #7 - Statistics

General Stats
  • This quiz has been taken 126 times
  • The average score is 143 of 286
Answer Stats
Answer % Correct
i
99%
a
89%
you
89%
love
78%
the
78%
me
74%
is
68%
we
68%
my
61%
it
58%
so
58%
can
57%
like
57%
your
57%
do
56%
i'm
56%
be
55%
to
55%
in
53%
this
53%
and
52%
with
52%
all
51%
if
51%
will
51%
who
50%
for
48%
just
48%
last
47%
no
47%
us
45%
by
44%
what
44%
give
43%
know
43%
more
43%
take
43%
we're
43%
don't
42%
hold
42%
never
42%
why
41%
you're
41%
ask
40%
friend
40%
night
40%
say
40%
again
39%
at
39%
heart
39%
how
39%
of
39%
one
39%
than
39%
hand
38%
they
38%
use
36%
look
35%
it's
34%
said
34%
that
34%
there
34%
before
33%
cause
33%
memory
33%
or
33%
been
32%
not
32%
only
32%
get
31%
leave
31%
let
31%
lovers
30%
won't
30%
play
28%
while
28%
left
27%
matters
27%
nothing
27%
remember
27%
word
27%
coming
26%
door
26%
ends
26%
need
26%
eyes
25%
scared
25%
wrong
25%
next
24%
pretend
24%
tell
24%
way
24%
they've
23%
having
22%
our
20%
wanna
19%
honesty
18%
sure
18%
tomorrow
18%
tomorrrow
18%
already
17%
cruel
16%
forgiveness
16%
run
16%
speak
16%
ain't
15%
asking
15%
knows
15%
since
14%
lesson
13%
vicious
11%
No matching quizzes found
Score Distribution
Percent of People with Each Score
Percentile by Number Answered
Your Score History
You have not taken this quiz